000 00752nam a2200229Ia 4500
003 GCL
008 140319s9999 xx 000 0 ara d
020 _a9606208977
040 _aGCL /
_cGCL
082 0 4 _a227
_bآ ق
100 1 _aآمنة ودود
245 1 0 _aالقران والمراة :
_bاعادة قراءة النص القرانى من منظور نسائى /
_cآمنة ودود
700 1 _aسامية عدنان
250 _aالاولى
260 _aالقاهرة :
_bمكتبة مدبولى ،
_c2006
300 _a182 ص ؛
_c24 سم
650 0 4 _aالقران - الفاظ
650 0 4 _aالقران - سور وايات
650 0 4 _aالقران - تفاسير
650 0 4 _aالقران، علوم
942 _2ddc
_cBK
999 _c9481
_d9481